In welchem See liegt die Insel? - Statistiken

Allgemein
  • Dieses Quiz wurde 92 mal gespielt
  • Das Durchschnittsergebnis liegt bei 6 aus 14
Antwortstatistiken
Insel See Land % Korrekt
Mainau Bodensee Deutschland (Baden-Württemberg)
100%
Fraueninsel Chiemsee Deutschland (Bayern)
81%
Ukerewe Victoriasee Tansania
61%
Isola Bella Lago Maggiore Italien
53%
Isla del Sol Titicacasee Bolivien
52%
Isle Royale Oberer See USA (Michigan)
47%
Olchon Baikalsee Russland
45%
Wilhelmstein Steinhuder Meer Deutschland (Niedersachsen)
44%
Manitoulin Huronsee Kanada
36%
Ometepe Nicaraguasee Nicaragua
35%
Ufenau Zürichsee Schweiz
28%
Antelope Island Großer Salzsee USA (Utah)
25%
Torsö Vänern Schweden
24%
Valentinswerder Tegeler See Deutschland (Berlin)
7%
Keine übereinstimmenden Quizze gefunden
Verteilung der Resultate
Anzahl Personen mit jedem Resultat
Perzentil nach korrekt beantworteten Fragen
Ihre Resultats-Entwicklung
Sie haben dieses Quiz noch nicht gespielt